La voragine
| Main Author: | |
|---|---|
| Format: | Section = Libro |
| Language: | Undetermined Spanish |
| Published: |
México
Limusa/Noriega
1994
|
| Edition: | 4a.ed |
| Subjects: |
| LEADER | 00664nam a2200265Ia 4500 | ||
|---|---|---|---|
| 008 | 240830s9999 xx 000 0 und d | ||
| 020 | |a 968-18-3165-9 | ||
| 040 | |a B-ESTELÍ- RUACS / 876 R621 | ||
| 041 | |a spa | ||
| 082 | |a 876 R621 | ||
| 100 | 1 | |a Crespo Villalas, Carlos | |
| 245 | 1 | 0 | |a La voragine |
| 250 | |a 4a.ed | ||
| 260 | |a México |b Limusa/Noriega |c 1994 | ||
| 300 | |a 650 p. :il | ||
| 650 | 7 | |a MECÁNICA DE SUELOS | |
| 650 | 7 | |b CIMENTACIONES | |
| 650 | 7 | |c PLASTICION DEL SUELO | |
| 650 | 7 | |d COMPACTACION DEL SUELO | |
| 650 | 7 | |e ZAPATAS | |
| 650 | 7 | |f PILOTES | |
| 650 | 7 | |g MUROS DE CONTENCION | |
| 942 | |c BK |2 ddc | ||
| 991 | |a TEXTO | ||
| 999 | |c 11653 | ||